[Event "Oviedo rapid"]
[Site "Oviedo"]
[Date "1993.??.??"]
[Round "6"]
[White "Komljenovic, Davor"]
[Black "Vaisser, Anatoli"]
[Result "0-1"]
[WhiteElo "2475"]
[BlackElo "2570"]
[PlyCount "52"]
[EventDate "1993.??.??"]
[EventType "swiss (rapid)"]
[EventRounds "13"]
[EventCountry "ESP"]
[Source "ChessBase"]
[SourceDate "1996.11.15"]
[WhiteTeamCountry "AND"]
[BlackTeamCountry "ECU"]

1. d4 Nf6 2. c4 c5 3. d5 b5 4. cxb5 a6 5. f3 axb5 6. e4 Qa5+ 7. Bd2 b4 8. Na3
d6 9. Nc4 Qd8 10. a3 e6 11. dxe6 Bxe6 12. axb4 Rxa1 13. Qxa1 d5 14. exd5 Nxd5
15. b5 Nb4 16. Bxb4 cxb4 17. b3 Bc5 18. Qe5 Nd7 19. Qxg7 Rf8 20. Nh3 Nf6 21.
Qg5 Bd4 22. b6 Bc3+ 23. Kf2 Bd4+ 24. Ke1 Bc3+ 25. Kf2 Bxh3 26. gxh3 Ne4+ 0-1

[Event "Manila ol (Men)"]
[Site "Manila"]
[Date "1992.??.??"]
[Round "?"]
[White "Annageldyev, Orazly"]
[Black "Cramling, Pia"]
[Result "0-1"]
[WhiteElo "2420"]
[BlackElo "2530"]
[PlyCount "84"]
[EventDate "1992.06.??"]
[EventType "team"]
[EventRounds "14"]
[EventCountry "PHI"]
[Source "ChessBase"]
[SourceDate "1996.11.15"]
[WhiteTeamCountry "AND"]
[BlackTeamCountry "ECU"]

1. d4 Nf6 2. c4 c5 3. d5 b5 4. cxb5 a6 5. f3 axb5 6. e4 Qa5+ 7. Bd2 b4 8. Na3
d6 9. Nc4 Qc7 10. a3 e6 11. axb4 Rxa1 12. Qxa1 exd5 13. exd5 Nxd5 14. bxc5 dxc5
15. Qa5 Qb7 16. Bd3 Be7 17. Ne2 O-O 18. O-O Nc6 19. Qa3 Be6 20. Ra1 Ndb4 21.
Bxb4 cxb4 22. Qa6 Qd7 23. Rd1 g6 24. Kf1 Qc7 25. Qb6 Qxb6 26. Nxb6 Rb8 27. Nc4
Rd8 28. b3 Bxc4 29. bxc4 Ne5 30. Nf4 Nxc4 31. Ke2 Nb2 32. Ra1 g5 33. Ra2 Bf6
34. Nh5 Bc3 35. Be4 Nc4 36. Rc2 Na3 37. Ra2 Be5 38. g3 Nb5 39. Rd2 Nc3+ 40. Ke3
Nd1+ 41. Ke2 Nc3+ 42. Ke3 Rxd2 0-1

[Event "Podolsk"]
[Site "Podolsk"]
[Date "1991.??.??"]
[Round "?"]
[White "Touzane, Olivier"]
[Black "Nikolaev, Sergej"]
[Result "1/2-1/2"]
[WhiteElo "2250"]
[BlackElo "2430"]
[PlyCount "97"]
[EventDate "1991.10.??"]
[EventType "tourn"]
[EventRounds "11"]
[EventCountry "URS"]
[EventCategory "8"]
[Source "ChessBase"]
[SourceDate "1996.11.15"]
[WhiteTeamCountry "AND"]
[BlackTeamCountry "ECU"]

1. d4 Nf6 2. c4 c5 3. d5 b5 4. cxb5 a6 5. f3 axb5 6. e4 Qa5+ 7. Bd2 b4 8. Na3
d6 9. Nc4 Qc7 10. a3 e6 11. dxe6 Bxe6 12. axb4 Rxa1 13. Qxa1 d5 14. exd5 Nxd5
15. b5 Bd6 16. Bd3 Nb4 17. Bxb4 cxb4 18. b6 Qc6 19. Nxd6+ Qxd6 20. Bb5+ Bd7 21.
Bxd7+ Qxd7 22. Ne2 O-O 23. O-O Qb5 24. Ng3 Qxb6+ 25. Kh1 Nc6 26. Qc1 Ne5 27.
Qg5 f6 28. Qf4 Rd8 29. Nf5 Qf2 30. Qc1 Qd2 31. Qc7 Qd7 32. Qb6 Rc8 33. Nd6 Rd8
34. Nf5 Nc4 35. Qc5 Qd3 36. Re1 Ne5 37. Qb6 b3 38. h4 Rd7 39. Qe6+ Kf8 40. Ra1
Qd5 41. Qb6 Kf7 42. Ra7 Rxa7 43. Qxa7+ Qd7 44. Qxd7+ Nxd7 45. Kg1 Nc5 46. Nd4
Ke7 47. Kf2 Kd6 48. Ke3 Kd5 49. h5 1/2-1/2

[Event "ARG-ch"]
[Site "Buenos Aires"]
[Date "1994.??.??"]
[Round "7"]
[White "Slipak, Sergio"]
[Black "Giardelli, Sergio Carlos"]
[Result "1/2-1/2"]
[WhiteElo "2460"]
[BlackElo "2475"]
[PlyCount "49"]
[EventDate "1994.02.??"]
[EventType "swiss"]
[EventRounds "9"]
[EventCountry "ARG"]
[Source "ChessBase"]
[SourceDate "1996.11.15"]
[WhiteTeamCountry "AND"]
[BlackTeamCountry "ECU"]

1. d4 Nf6 2. c4 c5 3. d5 b5 4. cxb5 a6 5. f3 axb5 6. e4 Qa5+ 7. Bd2 b4 8. Na3
d6 9. Nc4 Qc7 10. a3 bxa3 11. bxa3 g6 12. Bc3 Bg7 13. Bd3 O-O 14. Ne2 Nbd7 15.
O-O Ba6 16. a4 Nb6 17. Na5 Bxd3 18. Qxd3 Nfd7 19. Nc6 Nb8 20. a5 Nc8 21. Nxb8
Rxb8 22. Rfb1 c4 23. Qe3 Bxc3 24. Qxc3 Na7 25. Nd4 1/2-1/2

[Event "FRA"]
[Site "France"]
[Date "1993.??.??"]
[Round "?"]
[White "Vaisser, Anatoli"]
[Black "Koch, Jean Rene"]
[Result "1-0"]
[WhiteElo "2555"]
[BlackElo "2450"]
[PlyCount "71"]
[EventDate "1993.??.??"]
[EventType "team"]
[EventRounds "11"]
[EventCountry "FRA"]
[Source "ChessBase"]
[SourceDate "1996.11.15"]
[WhiteTeamCountry "AND"]
[BlackTeamCountry "ECU"]

1. d4 Nf6 2. c4 c5 3. d5 b5 4. cxb5 a6 5. f3 axb5 6. e4 Qa5+ 7. Bd2 b4 8. Na3
d6 9. Nc4 Qc7 10. a3 bxa3 11. Rxa3 Rxa3 12. bxa3 e6 13. dxe6 Bxe6 14. Bf4 Bxc4
15. Bxc4 Be7 16. Ne2 O-O 17. O-O Nc6 18. a4 Na5 19. Bb5 c4 20. Qd2 Rc8 21. Qc3
Nb3 22. Rd1 Nd7 23. Be3 Ne5 24. Qc2 Qd8 25. h3 Ng6 26. f4 Bf8 27. Ba6 Rc6 28.
Bb7 Rb6 29. Bd5 Na5 30. Bxb6 Qxb6+ 31. Kf1 h5 32. Bxc4 Be7 33. Bd5 Bh4 34. g3
Bf6 35. e5 dxe5 36. Qxg6 1-0

[Event "Bundesliga 9091"]
[Site "Germany"]
[Date "1991.??.??"]
[Round "?"]
[White "Glek, Igor V"]
[Black "Lorenz, Sascha"]
[Result "0-1"]
[WhiteElo "2540"]
[BlackElo "2310"]
[PlyCount "54"]
[EventDate "1990.10.??"]
[EventType "team"]
[EventRounds "15"]
[EventCountry "GER"]
[Source "ChessBase"]
[SourceDate "1996.11.15"]
[WhiteTeam "Bielefeld"]
[BlackTeam "Tegel"]
[WhiteTeamCountry "GER"]
[BlackTeamCountry "GER"]

1. d4 Nf6 2. c4 c5 3. d5 b5 4. cxb5 a6 5. b6 Qxb6 6. Nc3 g6 7. e4 d6 8. a4 Qb4
9. Bd3 Bg7 10. Nge2 O-O 11. a5 e6 12. O-O exd5 13. exd5 Nbd7 14. Bc2 Re8 15.
Ra4 Qb8 16. h3 Ra7 17. Ng3 Bb7 18. Bf4 Ne5 19. Re1 Ba8 20. Bxe5 Rae7 21. f4
dxe5 22. d6 Re6 23. fxe5 Qxb2 24. Qd2 Bh6 25. Qxh6 Qxc3 26. Re3 Qxc2 27. exf6
Qxg2# 0-1

[Event "Bundesliga 9091"]
[Site "Germany"]
[Date "1991.??.??"]
[Round "?"]
[White "Bischoff, Klaus"]
[Black "Hargens, Thomas"]
[Result "1-0"]
[WhiteElo "2495"]
[BlackElo "2255"]
[PlyCount "63"]
[EventDate "1990.10.??"]
[EventType "team"]
[EventRounds "15"]
[EventCountry "GER"]
[Source "ChessBase"]
[SourceDate "1996.11.15"]
[WhiteTeam "Bayern"]
[BlackTeam "Tegel"]
[WhiteTeamCountry "GER"]
[BlackTeamCountry "GER"]

1. d4 Nf6 2. c4 c5 3. d5 b5 4. cxb5 a6 5. b6 Qxb6 6. Nc3 d6 7. e4 g6 8. Nf3 Bg4
9. Qa4+ Bd7 10. Qb3 Qxb3 11. axb3 Bg7 12. Bc4 O-O 13. O-O Ra7 14. e5 Ne8 15.
exd6 Nxd6 16. Re1 Bf5 17. Bf1 Rb7 18. Bg5 Bf6 19. Bxf6 exf6 20. Nd2 Rd8 21.
Bxa6 Nxa6 22. Rxa6 Bd3 23. Rc6 Nb5 24. Rxc5 Nd4 25. h3 f5 26. Ra1 Bc2 27. Ra4
Ne6 28. Rcc4 Rbd7 29. Rab4 Nc7 30. Rb7 Nxd5 31. Rxd7 Rxd7 32. Nxd5 1-0

[Event "Bad Lauterberg"]
[Site "Bad Lauterberg"]
[Date "1991.??.??"]
[Round "6"]
[White "Knaak, Rainer"]
[Black "Hertneck, Gerald"]
[Result "1-0"]
[WhiteElo "2535"]
[BlackElo "2555"]
[PlyCount "65"]
[EventDate "1991.11.??"]
[EventType "tourn"]
[EventRounds "11"]
[EventCountry "GER"]
[EventCategory "10"]
[Source "ChessBase"]
[SourceDate "1996.11.15"]
[WhiteTeamCountry "GER"]
[BlackTeamCountry "GER"]

1. d4 Nf6 2. c4 c5 3. d5 b5 4. cxb5 a6 5. b6 Qxb6 6. Nc3 g6 7. e4 d6 8. Nf3 Bg7
9. Nd2 Nbd7 10. Nc4 Qc7 11. Be2 Nb6 12. Ne3 O-O 13. a4 a5 14. O-O Ba6 15. Bxa6
Rxa6 16. Bd2 Raa8 17. Rc1 Qd7 18. b3 e6 19. Nc4 Nxc4 20. bxc4 exd5 21. exd5
Rfe8 22. Qc2 Ng4 23. h3 Ne5 24. Ne4 f5 25. Ng5 Bf6 26. Rb1 Nf7 27. Ne6 Nd8 28.
Nf4 Bd4 29. Rfe1 Rxe1+ 30. Rxe1 Rb8 31. Bc3 Qg7 32. Re8+ Kf7 33. Ne6 1-0

[Event "Rimavska Sobota"]
[Site "Rimavska Sobota"]
[Date "1991.??.??"]
[Round "12"]
[White "Fries Nielsen, Jens Ove"]
[Black "Plachetka, Jan"]
[Result "1/2-1/2"]
[WhiteElo "2415"]
[BlackElo "2425"]
[PlyCount "183"]
[EventDate "1991.05.??"]
[EventType "tourn"]
[EventRounds "13"]
[EventCountry "CSR"]
[EventCategory "9"]
[Source "ChessBase"]
[SourceDate "1996.11.15"]
[WhiteTeamCountry "GER"]
[BlackTeamCountry "GER"]

1. d4 Nf6 2. c4 c5 3. d5 b5 4. cxb5 a6 5. b6 Qxb6 6. Nc3 g6 7. e4 d6 8. Be2 Bg7
9. Nf3 O-O 10. Nd2 Nbd7 11. O-O Ne5 12. Kh1 g5 13. Nc4 Nxc4 14. Bxc4 g4 15. Rb1
Kh8 16. Be3 Qb4 17. Bd3 Nd7 18. a3 Qb7 19. Qxg4 Ne5 20. Qd1 f5 21. f4 Nxd3 22.
Qxd3 fxe4 23. Qd1 Rb8 24. h3 Qb3 25. Qc1 Bd7 26. Re1 Bb5 27. Nxb5 Rxb5 28. Bd2
Qxd5 29. Bc3 Rb3 30. Ra1 Rfb8 31. Bxg7+ Kxg7 32. Re2 Qd3 33. Rf2 Qd4 34. Rd2
Qe3 35. Qd1 Qxf4 36. Qe2 Rf8 37. Re1 e6 38. Rdd1 d5 39. Rf1 Qg5 40. Rxf8 Kxf8
41. Rf1+ Kg7 42. Qf2 Rb8 43. Qxc5 Rg8 44. Qd4+ Kh6 45. g4 Kg6 46. Qa7 Rg7 47.
Qb8 Qe7 48. Kg2 h6 49. Rf8 e3 50. Qc8 Qd7 51. Qc2+ Kg5 52. Rf3 d4 53. Qe4 Kh4
54. Qe5 Qb5 55. Qf6+ Qg5 56. Qxd4 Rc7 57. Qd1 Qd5 58. Qe1+ Kg5 59. Qxe3+ Kg6
60. Kg3 Qd6+ 61. Qf4 Qxf4+ 62. Kxf4 a5 63. Ke5 Rc2 64. b4 axb4 65. axb4 Re2+
66. Kd4 e5+ 67. Kd3 Re1 68. Re3 Rb1 69. Kc4 Kf6 70. Rb3 Rc1+ 71. Rc3 Rd1 72. b5
e4 73. b6 Rd8 74. b7 Rb8 75. Rb3 Ke5 76. Kc5 Kf4 77. Kc6 e3 78. Kc7 e2 79. Rb1
Rxb7+ 80. Kxb7 Kg3 81. Rb3+ Kf4 82. Rb1 Kg3 83. Re1 Kxh3 84. Rxe2 Kxg4 85. Kc6
h5 86. Kd5 h4 87. Ke4 h3 88. Ke3 Kg3 89. Re1 h2 90. Ke2 Kg2 91. Rh1 Kxh1 92.
Kf1 1/2-1/2

[Event "World op"]
[Site "Philadelphia"]
[Date "1990.??.??"]
[Round "4"]
[White "Gurevich, Dmitry"]
[Black "Benjamin, Joel"]
[Result "1/2-1/2"]
[WhiteElo "2470"]
[BlackElo "2530"]
[PlyCount "48"]
[EventDate "1990.06.??"]
[EventType "swiss"]
[EventRounds "9"]
[EventCountry "USA"]
[Source "ChessBase"]
[SourceDate "1996.11.15"]
[WhiteTeamCountry "GER"]
[BlackTeamCountry "GER"]

1. d4 Nf6 2. c4 c5 3. d5 b5 4. cxb5 a6 5. b6 d6 6. Nc3 Qxb6 7. e4 g6 8. Be2 Bg7
9. Nf3 O-O 10. O-O Nbd7 11. Nd2 Qc7 12. a4 Bb7 13. Nc4 Nb6 14. Na3 Rae8 15. Bf4
e6 16. Nc4 Nxc4 17. Bxc4 exd5 18. Nxd5 Nxd5 19. Bxd5 Bxd5 20. Qxd5 Re6 21. Rad1
Bd4 22. b4 Rfe8 23. Kh1 Qb6 24. f3 Qxb4 1/2-1/2

[Event "Hoogovens-B"]
[Site "Wijk aan Zee"]
[Date "1992.01.??"]
[Round "10"]
[White "Moskalenko, Viktor"]
[Black "Tukmakov, Vladimir B"]
[Result "0-1"]
[WhiteElo "2505"]
[BlackElo "2535"]
[PlyCount "116"]
[EventDate "1992.01.??"]
[EventType "tourn"]
[EventRounds "11"]
[EventCountry "NED"]
[EventCategory "10"]
[Source "ChessBase"]
[SourceDate "1996.11.15"]
[WhiteTeamCountry "GER"]
[BlackTeamCountry "GER"]

1. d4 Nf6 2. c4 c5 3. d5 b5 4. cxb5 a6 5. b6 Qxb6 6. Nc3 g6 7. e4 d6 8. Nf3 Bg7
9. Be2 O-O 10. Nd2 Nbd7 11. O-O Qc7 12. a4 Rb8 13. a5 Ne8 14. Nc4 Ne5 15. f4
Nxc4 16. Bxc4 Qa7 17. Qe2 Nc7 18. Be3 Bd7 19. e5 Rb4 20. b3 Bb5 21. Rad1 Qb7
22. exd6 exd6 23. Ne4 Nxd5 24. Nxd6 Bxc4 25. bxc4 Nc3 26. Qd3 Qc6 27. Rd2 f5
28. Re1 Rbb8 29. Bf2 Rfd8 30. Nxf5 gxf5 31. Qxd8+ Rxd8 32. Rxd8+ Kf7 33. Bh4
Bd4+ 34. Kh1 Ne4 35. Rb1 Nf2+ 36. Bxf2 Bxf2 37. Rd5 Bd4 38. h3 Bf6 39. Rb6 Qc8
40. Rbd6 h5 41. Rd7+ Kg6 42. R7d6 Kf7 43. Rd7+ Ke8 44. R7d6 Bd4 45. Rb6 Kf7 46.
Kh2 h4 47. g3 hxg3+ 48. Kxg3 Bf6 49. Kf3 Bd8 50. Rbd6 Bxa5 51. h4 Bc3 52. Rd8
Qc6 53. R8d6 Qa4 54. Rxf5+ Ke7 55. Rdd5 Bd4 56. Rg5 Qxc4 57. h5 Qf1+ 58. Kg3
Qf2+ 0-1

[Event "Novi Sad ol (Men)"]
[Site "Novi Sad"]
[Date "1990.??.??"]
[Round "4"]
[White "Sokolov, Ivan"]
[Black "Kotronias, Vasilios"]
[Result "1-0"]
[WhiteElo "2550"]
[BlackElo "2510"]
[PlyCount "109"]
[EventDate "1990.11.??"]
[EventType "team"]
[EventRounds "14"]
[EventCountry "YUG"]
[Source "ChessBase"]
[SourceDate "1996.11.15"]
[WhiteTeamCountry "GER"]
[BlackTeamCountry "GER"]

1. d4 Nf6 2. c4 c5 3. d5 b5 4. cxb5 a6 5. b6 Qxb6 6. Nc3 e6 7. e4 exd5 8. exd5
d6 9. Nf3 Be7 10. Be2 Bg4 11. Nd2 Bxe2 12. Qxe2 O-O 13. O-O Re8 14. Nc4 Qc7 15.
Bf4 Nbd7 16. Qf3 Bf8 17. a4 Nb6 18. Ne3 Rab8 19. a5 Nbd7 20. Nc4 Rb4 21. Qd3
Nh5 22. Bd2 Qb7 23. f4 Nhf6 24. Rae1 Rxe1 25. Rxe1 Rb3 26. h3 h5 27. Bc1 Rb4
28. Bd2 Rb3 29. Re2 h4 30. Be1 Nh5 31. Qf3 Qb4 32. Nd2 Rxb2 33. Re4 Qb7 34.
Qxh5 Nf6 35. Qxh4 Nxe4 36. Ndxe4 Be7 37. Qg4 Qc7 38. f5 f6 39. Ng3 Bd8 40. Nh5
Qf7 41. Ne4 Rb1 42. Kf2 c4 43. Bc3 Qa7+ 44. Ke2 Kf8 45. Nxd6 Bxa5 46. Nxg7 Qxg7
47. Qxg7+ Kxg7 48. Bxa5 Rb2+ 49. Ke3 Rxg2 50. Nxc4 Kf7 51. d6 Ke8 52. Kd4 Rh2
53. Kd5 Rxh3 54. Kc6 Rh7 55. d7+ 1-0

[Event "Alushta"]
[Site "Alushta"]
[Date "1993.??.??"]
[Round "?"]
[White "Savchenko, Stanislav"]
[Black "Lazarev, Vladimir"]
[Result "0-1"]
[WhiteElo "2535"]
[BlackElo "2430"]
[PlyCount "114"]
[EventDate "1993.05.??"]
[EventType "tourn"]
[EventRounds "9"]
[EventCountry "UKR"]
[EventCategory "10"]
[Source "ChessBase"]
[SourceDate "1996.11.15"]
[WhiteTeamCountry "GER"]
[BlackTeamCountry "GER"]

1. d4 Nf6 2. c4 c5 3. d5 b5 4. cxb5 a6 5. b6 Qxb6 6. Nc3 d6 7. a4 g6 8. a5 Qb4
9. Ra4 Qb7 10. e4 Bg7 11. Be2 Bd7 12. Ra3 Qb4 13. f3 O-O 14. Bd2 Qb7 15. Bc4
Ne8 16. Nge2 Nc7 17. O-O Bb5 18. b3 Nd7 19. f4 Rfe8 20. Ng3 Rad8 21. Qf3 e6 22.
h3 exd5 23. exd5 f5 24. Qd3 Re7 25. Raa1 Rde8 26. Rab1 Re3 27. Bxe3 Rxe3 28.
Qxe3 Bd4 29. Rfe1 Nf6 30. Kh2 Bxe3 31. Rxe3 Kf8 32. Rd3 Be8 33. Nf1 Nb5 34. Ne3
Nxc3 35. Rxc3 Qb4 36. Rc2 Qxa5 37. g4 fxg4 38. hxg4 Bd7 39. g5 Nh5 40. f5 Qd8
41. Rf2 Qxg5 42. fxg6+ Ke7 43. Ng2 hxg6 44. Re1+ Kd8 45. Rf8+ Kc7 46. Bxa6 Bh3
47. Re2 Bxg2 48. Rxg2 Qe5+ 49. Kg1 Nf4 50. Rf7+ Kb6 51. Ra2 Nxd5 52. Bf1 Nc7
53. Bg2 g5 54. Rf8 d5 55. Rb8+ Kc6 56. Ra7 c4 57. Rbb7 Nb5 0-1

[Event "Havana-B"]
[Site "Havana"]
[Date "1992.??.??"]
[Round "?"]
[White "Li, Manuel"]
[Black "Rodriguez, Pedro"]
[Result "1-0"]
[WhiteElo "2295"]
[BlackElo "2290"]
[PlyCount "63"]
[EventDate "1992.??.??"]
[EventType "tourn"]
[EventRounds "9"]
[EventCountry "CUB"]
[Source "ChessBase"]
[SourceDate "1996.11.15"]
[WhiteTeamCountry "GER"]
[BlackTeamCountry "GER"]

1. d4 Nf6 2. c4 c5 3. d5 b5 4. cxb5 a6 5. b6 d6 6. a4 Qxb6 7. Nc3 g6 8. a5 Qb7
9. e4 Bg7 10. Bc4 O-O 11. Nge2 Ne8 12. O-O Nc7 13. Qd3 Bd7 14. Bg5 Re8 15. f4
Bb5 16. b3 Nd7 17. Qh3 Rab8 18. e5 dxe5 19. d6 Ne6 20. Nxb5 axb5 21. Bxe6 fxe6
22. Qxe6+ Kh8 23. dxe7 exf4 24. Rad1 Ne5 25. Bf6 Qe4 26. Nxf4 Qf5 27. Rd8 Qxf6
28. Rxb8 Nf3+ 29. gxf3 Rxb8 30. e8=Q+ Rxe8 31. Qxe8+ Bf8 32. Ne6 1-0

[Event "Tel Aviv ASA"]
[Site "Tel Aviv"]
[Date "1994.??.??"]
[Round "6"]
[White "Lev, Ronen"]
[Black "Bykhovsky, Avigdor"]
[Result "1-0"]
[WhiteElo "2475"]
[BlackElo "2460"]
[PlyCount "75"]
[EventDate "1994.04.??"]
[EventType "tourn"]
[EventRounds "9"]
[EventCountry "ISR"]
[EventCategory "10"]
[Source "ChessBase"]
[SourceDate "1996.11.15"]
[WhiteTeamCountry "GER"]
[BlackTeamCountry "GER"]

1. d4 Nf6 2. c4 c5 3. d5 b5 4. cxb5 a6 5. b6 a5 6. Nc3 Ba6 7. f4 d6 8. e4 Bxf1
9. Kxf1 Qxb6 10. e5 Nfd7 11. Nf3 e6 12. Qe2 Be7 13. dxe6 fxe6 14. exd6 Qxd6 15.
Kf2 O-O 16. Rd1 Qc6 17. Kg1 Na6 18. Nb5 Kh8 19. Bd2 Nb4 20. a4 Nd5 21. Qe4 N7f6
22. Qc4 Nb6 23. Qe2 Nfd7 24. Re1 Bf6 25. Ra2 Rab8 26. b3 c4 27. Rc2 Nc5 28.
bxc4 Ncxa4 29. Kh1 Nxc4 30. Nbd4 Qd7 31. Qxc4 Rfc8 32. Nc6 Rb2 33. Qxa4 Rxc2
34. Qxc2 Rxc6 35. Qa4 h6 36. Qxa5 Rc2 37. Qa8+ Rc8 38. Qe4 1-0

[Event "Oakham YM"]
[Site "Oakham"]
[Date "1992.??.??"]
[Round "3"]
[White "Kumaran, Dharshan"]
[Black "Waitzkin, Joshua"]
[Result "1-0"]
[WhiteElo "2375"]
[BlackElo "2290"]
[PlyCount "145"]
[EventDate "1992.03.??"]
[EventType "swiss"]
[EventRounds "9"]
[EventCountry "ENG"]
[Source "ChessBase"]
[SourceDate "1996.11.15"]
[WhiteTeamCountry "GER"]
[BlackTeamCountry "GER"]

1. d4 Nf6 2. c4 c5 3. d5 b5 4. cxb5 a6 5. b6 e6 6. Nc3 exd5 7. Nxd5 Nxd5 8.
Qxd5 Nc6 9. Nf3 Be7 10. Ne5 O-O 11. Nxc6 dxc6 12. Qxd8 Bxd8 13. e3 Rb8 14. b7
Bxb7 15. Bd2 Bf6 16. Rb1 Bc8 17. b3 c4 18. Bxc4 Bf5 19. Rd1 a5 20. Bxa5 Ra8 21.
Bb4 Rfb8 22. a3 Bb2 23. Bd6 Re8 24. Ke2 Bxa3 25. Bxa3 Rxa3 26. Ra1 Rea8 27.
Rxa3 Rxa3 28. Rd1 g5 29. Rd6 Be4 30. f3 Bc2 31. Rd8+ Kg7 32. Rb8 Ra2 33. Kf1
Ra5 34. Rb7 Bg6 35. Rc7 c5 36. Kf2 h5 37. Kg3 Kh6 38. Bxf7 Bxf7 39. Rxf7 Rb5
40. Rf6+ Kg7 41. Rc6 g4 42. fxg4 hxg4 43. Kxg4 Rxb3 44. Rxc5 Rxe3 45. Rc6 Re4+
46. Kf3 Rb4 47. g3 Ra4 48. h4 Rb4 49. Kg2 Rb2+ 50. Kh3 Rb4 51. Ra6 Rc4 52. h5
Kh7 53. g4 Rc5 54. Kh4 Rc4 55. Ra7+ Kh8 56. h6 Kg8 57. Kh5 Kh8 58. g5 Rc5 59.
Re7 Rc8 60. Rf7 Kg8 61. Kg6 Ra8 62. Rf6 Rb8 63. Ra6 Rf8 64. Ra5 Kh8 65. Kh5 Rb8
66. g6 Rc8 67. Rf5 Rb8 68. g7+ Kh7 69. Rf8 Rb5+ 70. Kg4 Rb4+ 71. Kf3 Rb3+ 72.
Ke4 Rb4+ 73. Kd3 1-0

[Event "Tel Aviv-B"]
[Site "Tel Aviv"]
[Date "1992.??.??"]
[Round "7"]
[White "Lev, Ronen"]
[Black "Pein, Malcolm"]
[Result "0-1"]
[WhiteElo "2450"]
[BlackElo "2450"]
[PlyCount "80"]
[EventDate "1992.04.??"]
[EventType "tourn"]
[EventRounds "11"]
[EventCountry "ISR"]
[EventCategory "6"]
[Source "ChessBase"]
[SourceDate "1996.11.15"]
[WhiteTeamCountry "GER"]
[BlackTeamCountry "GER"]

1. d4 Nf6 2. c4 c5 3. d5 b5 4. cxb5 a6 5. b6 e6 6. Nc3 Nxd5 7. Nxd5 exd5 8.
Qxd5 Nc6 9. e4 Be7 10. Bc4 O-O 11. Nf3 Rb8 12. O-O Na5 13. Bd3 Rxb6 14. Qh5 Bb7
15. Rd1 c4 16. Bc2 Rb5 17. Qg4 Bf6 18. Nd4 Bxd4 19. Rxd4 Qf6 20. Qd1 Bc6 21.
Ba4 Rb6 22. Bxc6 dxc6 23. e5 Qxe5 24. Bf4 Qf6 25. Bc7 Rxb2 26. Rf4 Qg5 27. h4
Qh6 28. Qd4 Rb5 29. Re1 Rd5 30. Qc3 Nb7 31. Qxc4 Nc5 32. Rf3 Qd2 33. Re7 Ne6
34. Bg3 Rc5 35. Qxa6 Rc1+ 36. Kh2 Qd1 37. Be5 Qh1+ 38. Kg3 Rg1 39. Kg4 Qxg2+
40. Bg3 h5+ 0-1

[Event "CZE-ch"]
[Site "Czechia"]
[Date "1993.??.??"]
[Round "3"]
[White "Babula, Vlastimil"]
[Black "Hudecek, Jan"]
[Result "1-0"]
[WhiteElo "2395"]
[BlackElo "2320"]
[PlyCount "75"]
[EventDate "1993.??.??"]
[EventType "swiss"]
[EventRounds "11"]
[EventCountry "CZE"]
[Source "ChessBase"]
[SourceDate "1996.11.15"]
[WhiteTeamCountry "GER"]
[BlackTeamCountry "GER"]

1. d4 Nf6 2. c4 c5 3. d5 b5 4. cxb5 a6 5. b6 e6 6. Nc3 Nxd5 7. Nxd5 exd5 8.
Qxd5 Nc6 9. Nf3 Rb8 10. Ne5 Qf6 11. Nxc6 dxc6 12. Qe4+ Be7 13. g3 O-O 14. Bg2
Rxb6 15. O-O Be6 16. Bf4 Rb5 17. Qe3 Qd4 18. b3 Rc8 19. Rfc1 Qxe3 20. Bxe3 c4
21. Bd2 Rbb8 22. bxc4 Ba3 23. Rc2 Bf5 24. e4 Be6 25. Bf4 Rb4 26. c5 a5 27. Re1
a4 28. Bf1 Ra8 29. Ree2 Rb1 30. Kg2 Bb4 31. Be5 a3 32. Re3 f6 33. Bd4 Rd8 34.
Bc4 Kf7 35. Rd3 Bxc4 36. Rxc4 Bxc5 37. Rxc5 Rb4 38. Bc3 1-0

[Event "Moscow6"]
[Site "Moscow"]
[Date "1991.??.??"]
[Round "?"]
[White "Gavrilov, Alexei"]
[Black "Katishonok, Igor"]
[Result "1/2-1/2"]
[WhiteElo "2370"]
[BlackElo "2240"]
[PlyCount "81"]
[EventDate "1991.??.??"]
[EventType "swiss"]
[EventRounds "9"]
[EventCountry "URS"]
[Source "ChessBase"]
[SourceDate "1996.11.15"]
[WhiteTeamCountry "GER"]
[BlackTeamCountry "GER"]

1. d4 Nf6 2. c4 c5 3. d5 b5 4. cxb5 a6 5. b6 e6 6. Nc3 Nxd5 7. Nxd5 exd5 8.
Qxd5 Nc6 9. Nf3 Bb7 10. Ne5 Qe7 11. Bf4 Nd8 12. Qd2 Qe6 13. Rd1 d5 14. e4 d4
15. Bc4 Qxb6 16. Qc2 f6 17. Qa4+ Nc6 18. Nxc6 Qxc6 19. Qxc6+ Bxc6 20. Kd2 Kd7
21. Kd3 Bd6 22. Bd2 Rhe8 23. f3 a5 24. Rb1 g6 25. Rhe1 Re7 26. g3 h5 27. Bd5
Bb5+ 28. Bc4 Bc6 29. a4 Bxa4 30. Ra1 Bc6 31. Rxa5 Rxa5 32. Bxa5 h4 33. Ra1 hxg3
34. hxg3 Rh7 35. b4 cxb4 36. Bxb4 Bxg3 37. Ra7+ Bc7 38. Ba5 Kc8 39. Rxc7+ Rxc7
40. Bxc7 Kxc7 41. Kxd4 1/2-1/2

[Event "Steglitz-ch"]
[Site "Berlin West"]
[Date "1987.??.??"]
[Round "?"]
[White "Breutigam, Martin"]
[Black "Geisler, J."]
[Result "1-0"]
[WhiteElo "2275"]
[BlackElo "2320"]
[PlyCount "99"]
[EventDate "1987.??.??"]
[EventType "swiss"]
[EventRounds "9"]
[EventCountry "GER"]
[Source "ChessBase"]
[SourceDate "1996.11.15"]
[WhiteTeamCountry "GER"]
[BlackTeamCountry "GER"]

1. d4 Nf6 2. c4 c5 3. d5 b5 4. cxb5 a6 5. Nc3 Qa5 6. Bd2 axb5 7. e4 b4 8. e5
bxc3 9. Bxc3 Qa4 10. Qxa4 Rxa4 11. exf6 gxf6 12. Bb5 Ra8 13. Ne2 Bb7 14. O-O-O
Kd8 15. Kb1 Rg8 16. Ng3 d6 17. Be2 Nd7 18. Bh5 Ke8 19. Rhe1 Nb6 20. Nf5 Bxd5
21. Nxd6+ Kd7 22. Nc4 Kc6 23. Nxb6 Bxa2+ 24. Kc2 Kxb6 25. b3 Rxg2 26. Rd2 Rxh2
27. Bxf7 Bh6 28. Rde2 e5 29. Kb2 Ra7 30. Bc4 Bg5 31. Rd1 Bh4 32. Be1 h6 33. Rd8
Kc7 34. Rh8 Bxb3 35. Bxb3 Bg5 36. Rc2 Kd6 37. Rc8 Rc7 38. Rxc7 Kxc7 39. Rxc5+
Kd6 40. Rc2 e4 41. Bb4+ Kd7 42. Bc5 f5 43. Bd5 Kd8 44. Kb3 Rh3+ 45. Kc4 Rf3 46.
Be6 Rd3 47. Bxf5 Rd2 48. Rxd2+ Bxd2 49. Bxe4 Bf4 50. Be3 1-0

[Event "Bundesliga 9091"]
[Site "Germany"]
[Date "1991.??.??"]
[Round "?"]
[White "Breutigam, Martin"]
[Black "Hertneck, Gerald"]
[Result "0-1"]
[WhiteElo "2330"]
[BlackElo "2535"]
[PlyCount "96"]
[EventDate "1990.10.??"]
[EventType "team"]
[EventRounds "15"]
[EventCountry "GER"]
[Source "ChessBase"]
[SourceDate "1996.11.15"]
[WhiteTeam "Delmenhorst"]
[BlackTeam "Bayern"]
[WhiteTeamCountry "GER"]
[BlackTeamCountry "GER"]

1. d4 Nf6 2. c4 c5 3. d5 b5 4. cxb5 a6 5. Nc3 Qa5 6. Bd2 axb5 7. e4 b4 8. e5
bxc3 9. Bxc3 Qa4 10. Qxa4 Rxa4 11. exf6 gxf6 12. Bb5 Ra7 13. Ne2 Ba6 14. Bxa6
Nxa6 15. d6 e5 16. O-O-O Nb4 17. Ng3 Rg8 18. Bxb4 cxb4 19. Rd5 Rg4 20. Kb1 Rd4
21. Rd1 Rxd1+ 22. Rxd1 f5 23. Nxf5 f6 24. Rd3 Kf7 25. Rb3 Ke6 26. g4 h5 27. h3
hxg4 28. hxg4 Ra4 29. Rd3 b3 30. Rxb3 Rxg4 31. Rb8 Bxd6 32. Nxd6 Kxd6 33. Rb6+
Ke7 34. f3 Rf4 35. Rb3 d5 36. Rd3 Kd6 37. Kc2 f5 38. Kc3 Rc4+ 39. Kd2 Rh4 40.
Rb3 Rh2+ 41. Ke1 d4 42. a4 e4 43. fxe4 fxe4 44. a5 Kc5 45. Ra3 Rh1+ 46. Kd2 e3+
47. Ke2 Rh2+ 48. Ke1 Kc4 0-1